| 000 | 00770nam a2200241Ia 4500 | ||
|---|---|---|---|
| 008 | 200601s9999 xx 000 0 und d | ||
| 020 | _a978-621-406-197-6 | ||
| 050 | _aFIL PL 5665.25 | ||
| 050 | _b.M37 2018 | ||
| 100 | _aMaranan, Mario H. | ||
| 245 | 0 | _aFilipino sa iba't ibang disiplina (FILDIS) : | |
| 245 | 0 | _b(alinsunod sa CMO 57, serye ng 2017 at silabus na inihanda ng tanggol wika) / | |
| 245 | 0 | _cMario H. Maranan. | |
| 260 | _aManila : | ||
| 260 | _bMindshapers, | ||
| 260 | _c2018 | ||
| 300 | _a182 pages : | ||
| 300 | _billustrations ; | ||
| 300 | _c25 cm. | ||
| 500 | _aIncludes bibliographical references. | ||
| 650 | _aFilipino language -- Study and teaching (Higher). | ||
| 650 | _xCommunication -- Study and teaching -- Philippines. | ||
| 999 |
_c363180 _d363180 |
||